000 00722nam a2200253Ia 4500
003 OSt
005 20220927110342.0
006 a|||||r|||| 00| 0
007 ta
008 220926b |||||||| |||| 00| 0 eng d
024 _a44897
037 _cReports
040 _aRTL
_cRTL
_beng
041 _2eng
_aeng
082 _a"X:271.1.N6, K2/UN"
110 _aUnited Nations
245 0 _aStatus of permanent sovereignty over natural wealth and resources
_b Report.
260 _aNew
_bYork UN USA
_c1962
300 _a"xiii, 245p"
_ccm.
650 _aNatural Resources Economics
700 _aUnited Nations
942 _h"X:271.1.N6, K2/UN"
_cCC
999 _c695703
_d695703